Catálogo de revistas y publicaciones periódicas de la Biblioteca General de la Universidad de Murcia / (Record no. 24581)

MARC details
000 -LEADER
campo de control de longitud fija 00855nam a2200205 i 4500
001 - NÚMERO DE CONTROL
campo de control 24581
003 - IDENTIFICADOR DE NÚMERO DE CONTROL
campo de control ES-MaACL
005 - FECHA Y HORA DE LA ÚLTIMA TRANSACCIÓN
campo de control 20230906153056.0
007 - CAMPO FIJO DE DESCRIPCIÓN FÍSICA--INFORMACIÓN GENERAL
campo de control de longitud fija t|
008 - DATOS DE LONGITUD FIJA--INFORMACIÓN GENERAL
campo de control de longitud fija 021218s1982 sp ||||1| spa d
110 2# - ENTRADA PRINCIPAL--NOMBRE DE ENTIDAD CORPORATIVA
Nombre de entidad corporativa o nombre de jurisdicción como elemento de entrada Universidad de Murcia.
Unidad subordinada Biblioteca.
9 (RLIN) 7230
245 10 - MENCIÓN DEL TÍTULO
Título Catálogo de revistas y publicaciones periódicas de la Biblioteca General de la Universidad de Murcia /
Mención de responsabilidad, etc. María del Carmen Aparicio Fernández, Pilar Egea Krauel.
260 ## - PUBLICACIÓN, DISTRIBUCIÓN, ETC.
Lugar de publicación, distribución, etc. Murcia :
Nombre del editor, distribuidor, etc. Universidad,
Fecha de publicación, distribución, etc. 1982]
300 ## - DESCRIPCIÓN FÍSICA
Extensión 242 p. ;
Dimensiones 29 cm.
610 24 - PUNTO DE ACCESO ADICIONAL DE MATERIA--NOMBRE DE ENTIDAD CORPORATIVA
Nombre de entidad corporativa o nombre de jurisdicción como elemento de entrada Universidad de Murcia.
Unidad subordinada Biblioteca General-
Subdivisión de forma Catálogos.
9 (RLIN) 158901
650 #4 - PUNTO DE ACCESO ADICIONAL DE MATERIA--TÉRMINO DE MATERIA
Término de materia o nombre geográfico como elemento de entrada Publicaciones periódicas-
Subdivisión geográfica Universidad de Murcia. Biblioteca General-
Subdivisión de forma Catálogos.
9 (RLIN) 158902
700 0# - ENTRADA AGREGADA--NOMBRE PERSONAL
Nombre de persona Aparicio Fernández, María del Carmen.
9 (RLIN) 22063
700 1# - ENTRADA AGREGADA--NOMBRE PERSONAL
Nombre de persona Egea Krauel, Pilar.
9 (RLIN) 158903
852 ## - LOCALIZACIÓN
Ubicación ES-MaACL
Número de control de estantería L-2071
Sublocalización o colección R.103121
Holdings
Estatus retirado Estado de pérdida Estado de daño No para préstamo Biblioteca de origen Biblioteca actual Ubicación en estantería Fecha de adquisición Fuente de adquisición Total de préstamos Signatura topográfica completa Código de barras Visto por última vez Precio de reemplazo Tipo de ítem Koha
        Biblioteca del Ateneo de Madrid Biblioteca del Ateneo de Madrid Depósito 2 17/01/2008     L-2071 1025343 23/02/2023 23/02/2023 Libro impreso